|
|
|
|
| LEADER |
00000nam a22000007a 4500 |
| 005 |
20190814131710.0 |
| 007 |
cr|||| |||| |
| 008 |
190814s2018 pe |||||s|||| 00||0 spa d |
| 020 |
|
|
|a 978-612-325-030-0
|
| 035 |
|
|
|a 24034
|
| 040 |
|
|
|a vLex
|
| 090 |
|
|
|c 9184
|d 9184
|
| 100 |
1 |
|
|a Abad Yupanqui, Samuel B.
|
| 245 |
1 |
0 |
|a Constitucin̤ y Procesos Constitucionales
|h [Recurso electrn̤ico] /
|c Samuel B. Abad Yupanqui
|
| 256 |
|
|
|a Servicio en ln̕ea
|
| 260 |
|
|
|a Lima:
|b Palestra Editores,
|c 2018
|
| 300 |
|
|
|a 1 recurso electrn̤ico
|
| 506 |
1 |
|
|a Disponible solo en los productos indicados
|d vLex Global
|d vLex Global (Academic Edition, excluding Law Schools)
|d vLex Global (U.S. Academic Edition, Law Schools)
|d vLex Global (U.S. Academic Edition, excluding Law Schools)
|d vLex Global (Academic Edition, Law Schools)
|
| 650 |
0 |
4 |
|a Derecho Constitucional
|z Per︢
|
| 740 |
0 |
|
|a vLex Libros (Servicio en ln̕ea)
|
| 856 |
4 |
0 |
|u http://vlex.com/source/constitucion-procesos-constitucionales-24034
|z Acceso restringido
|
| 942 |
|
|
|c BOOK
|
| 999 |
0 |
|
|a Constitutional right
|